Les 20 meilleurs buteurs de l'histoire de la Ligue 2 - Statistiques

Statistiques générales
  • Ce quiz a été pris 24 fois
  • Le résultat moyen est 3 sur 20
Statistiques - réponses
Nombre de buts Clubs Joueur % Correct
83 AngersReims Brest Auxerre Saint-Étienne Bastia Gaëtan Charbonnier
74%
80 ReimsBrest Auxerre Lorient Ajaccio Guingamp Dunkerque Gaëtan Courtet
42%
82 Le HavreCréteil Jean-Michel Lesage
32%
78 SedanLe Havre Auxerre Dijon Caen Mickaël Le Bihan
26%
101 ToulouseIstres Reims Guingamp Cédric Fauré
21%
97 TroyesLe Havre Grenoble Istres Nassim Akrour
21%
79 TroyesMetz Caen Le Havre Quevilly Rouen Métropole Mathieu Duhamel
16%
85 IstresLe Havre Nîmes Ajaccio Riad Nouri
16%
100 DunkerqueSaint-Brieuc Valence Lorient Gueugnon Vannes Grenoble Brest Montpellier Nîmes Robert Malm
16%
109 CaenSochaux-Montbéliard Red Star Guingamp Niort Samuel Michel
16%
75 Gueugnon Amara Traoré
11%
98 GrenobleTours Libourne Vannes Laval Troyes Le Havre Ghislain Gimbert
11%
118 Red Star Laval Châteauroux Guilherme Mauricio
11%
79 LavalAmiens Besançon Niort Angers Ajaccio Clermont Gazélec Ajaccio Jean-François Rivière
11%
78 AmiensLens Sochaux-Montbéliard Troyes Ajaccio Yoann Touzghar
11%
96 NancyValenciennes Châteauroux Laurent Dufresne
5%
77 CréteilChâteauroux Saint-Étienne Caen Montpellier Lilian Compan
5%
77 ChâteaurouxNiort Joël Bossis
0%
76 IstresSaint-Brieuc Gueugnon Le Mans Châteauroux Cannes Nîmes Réginald Ray
0%
73 VannesCréteil Grenoble Clermont Amiens Troyes Châteauroux Tours Titi Buengo
0%
Aucun quiz correspondant
Distribution des résultats
% des personnes avec chaque résultat
Percentile par nombre de réponses
Votre historique - résultats
Vous n’avez pas pris ce quiz